000 00780nam a22002297a 4500
001 14511
003 BD-JhCC
005 20260127110759.0
008 260127b |||||||| |||| 00| 0 eng d
020 _a9789849587842
035 _a(BD-JhCC) 14511
040 _aBD-JhCC
_dBD-JhCC
041 _aBangla
082 _223
_a891.443
_bARI 2022
100 _aআরিফ মজুমদার
245 _aদুই জীবনের দহন /
_cআরিফ মজুমদার
246 _aDui Jiboner Dahan
260 _aঢাকাঃ
_bপ্রজন্ম,
_c২০২২
300 _a১৯১ পৃ.;
_c২২ সেমি.
_eপেপার বাইণ্ডিং
650 _aবাংলা সাহিত্য - উপন্যাস
942 _2ddc
_cBK
999 _c14511
_d14511